00423nam a22001337a 4500020001800000082001200018100002400030245005800054260003400112300000900146942000700155999001500162952011200177 a9788131506622 a070.175 aSusan Tyler Eastman aElectronic media programming strategies and practices aAustraliabWardsworth c2006. a441p cBK c2751d2751 00102ddc4070aCLbCLcJRNd2016-03-17l1o302.234 EASpS3H-S-101r2023-01-04s2020-10-12w2016-03-17yBK